<?xml version="1.0" encoding="UTF-8"?>
<collection xmlns="http://www.loc.gov/MARC21/slim">
 <record>
  <leader>02301cam a2200445  c4500</leader>
  <controlfield tag="001">1077207158</controlfield>
  <controlfield tag="003">DE-627</controlfield>
  <controlfield tag="005">20240424215657.0</controlfield>
  <controlfield tag="007">tu</controlfield>
  <controlfield tag="008">850101s1970    xx |||||      00| ||ger c</controlfield>
  <datafield tag="035" ind1=" " ind2=" ">
   <subfield code="a">(DE-627)1077207158</subfield>
  </datafield>
  <datafield tag="035" ind1=" " ind2=" ">
   <subfield code="a">(DE-576)007207158</subfield>
  </datafield>
  <datafield tag="035" ind1=" " ind2=" ">
   <subfield code="a">(DE-599)BSZ007207158</subfield>
  </datafield>
  <datafield tag="035" ind1=" " ind2=" ">
   <subfield code="a">(OCoLC)62937930</subfield>
  </datafield>
  <datafield tag="035" ind1=" " ind2=" ">
   <subfield code="a">(OCoLC)82104822</subfield>
  </datafield>
  <datafield tag="035" ind1=" " ind2=" ">
   <subfield code="a">(OCoLC)62937930</subfield>
  </datafield>
  <datafield tag="040" ind1=" " ind2=" ">
   <subfield code="a">DE-627</subfield>
   <subfield code="b">ger</subfield>
   <subfield code="c">DE-627</subfield>
   <subfield code="e">rakwb</subfield>
  </datafield>
  <datafield tag="041" ind1=" " ind2=" ">
   <subfield code="a">ger</subfield>
  </datafield>
  <datafield tag="082" ind1="0" ind2=" ">
   <subfield code="a">914.3031</subfield>
  </datafield>
  <datafield tag="084" ind1=" " ind2=" ">
   <subfield code="a">6,14</subfield>
   <subfield code="2">ssgn</subfield>
  </datafield>
  <datafield tag="084" ind1=" " ind2=" ">
   <subfield code="a">NH 7760</subfield>
   <subfield code="2">rvk</subfield>
   <subfield code="0">(DE-625)rvk/125789:12245</subfield>
  </datafield>
  <datafield tag="084" ind1=" " ind2=" ">
   <subfield code="a">15.28</subfield>
   <subfield code="2">bkl</subfield>
  </datafield>
  <datafield tag="245" ind1="1" ind2="0">
   <subfield code="a">Germania Romana</subfield>
   <subfield code="n">3</subfield>
   <subfield code="p">Römisches Leben auf germanischem Boden / mit Beitr. von Dietwulf Baatz ...</subfield>
  </datafield>
  <datafield tag="264" ind1=" " ind2="1">
   <subfield code="a">Heidelberg</subfield>
   <subfield code="b">Winter</subfield>
   <subfield code="c">1970</subfield>
  </datafield>
  <datafield tag="300" ind1=" " ind2=" ">
   <subfield code="a">145, VIII S.</subfield>
   <subfield code="b">Ill., graph. Darst., Kt.</subfield>
  </datafield>
  <datafield tag="336" ind1=" " ind2=" ">
   <subfield code="a">Text</subfield>
   <subfield code="b">txt</subfield>
   <subfield code="2">rdacontent</subfield>
  </datafield>
  <datafield tag="337" ind1=" " ind2=" ">
   <subfield code="a">ohne Hilfsmittel zu benutzen</subfield>
   <subfield code="b">n</subfield>
   <subfield code="2">rdamedia</subfield>
  </datafield>
  <datafield tag="338" ind1=" " ind2=" ">
   <subfield code="a">Band</subfield>
   <subfield code="b">nc</subfield>
   <subfield code="2">rdacarrier</subfield>
  </datafield>
  <datafield tag="490" ind1="1" ind2=" ">
   <subfield code="a">Gymnasium</subfield>
   <subfield code="a">Beihefte</subfield>
   <subfield code="v">7</subfield>
  </datafield>
  <datafield tag="583" ind1="1" ind2=" ">
   <subfield code="a">Archivierung/Langzeitarchivierung gewährleistet</subfield>
   <subfield code="f">PEBW</subfield>
   <subfield code="x">XA-DE-BW</subfield>
   <subfield code="2">pdager</subfield>
   <subfield code="5">DE-31</subfield>
  </datafield>
  <datafield tag="583" ind1="1" ind2=" ">
   <subfield code="a">Archivierung/Langzeitarchivierung gewährleistet</subfield>
   <subfield code="f">SSG</subfield>
   <subfield code="x">XA-DE-BW</subfield>
   <subfield code="2">pdager</subfield>
   <subfield code="5">DE-16</subfield>
  </datafield>
  <datafield tag="773" ind1="1" ind2="8">
   <subfield code="w">(DE-627)1077207123</subfield>
   <subfield code="w">(DE-576)007207123</subfield>
   <subfield code="g">3</subfield>
   <subfield code="q">3</subfield>
   <subfield code="7">nnnm</subfield>
  </datafield>
  <datafield tag="787" ind1="0" ind2="8">
   <subfield code="i">Rezension von</subfield>
   <subfield code="a">Binsfeld, Wolfgang, 1928 - 2011</subfield>
   <subfield code="t">[Rezension von: Hermann Hinz (Hrsg.), Germania Romana, III, Römisches Leben auf germanischem Boden]</subfield>
   <subfield code="d">1971</subfield>
   <subfield code="w">(DE-627)1838897887</subfield>
  </datafield>
  <datafield tag="787" ind1="0" ind2="8">
   <subfield code="i">Rezensiert in</subfield>
   <subfield code="a">Rüger, Christoph B.</subfield>
   <subfield code="t">[Rezension von: Germania Romana III., Römisches Leben auf germanischem Boden]</subfield>
   <subfield code="d">Kevelaer, Rhld. : Verlag Butzon &amp; Berker, 1972</subfield>
   <subfield code="w">(DE-627)178647560X</subfield>
  </datafield>
  <datafield tag="830" ind1=" " ind2="0">
   <subfield code="a">Gymnasium &lt;Heidelberg&gt; / Beihefte</subfield>
   <subfield code="v">7</subfield>
   <subfield code="9">7</subfield>
   <subfield code="w">(DE-627)130099325</subfield>
   <subfield code="w">(DE-576)015631907</subfield>
   <subfield code="w">(DE-600)501702-6</subfield>
   <subfield code="x">0179-6534</subfield>
   <subfield code="7">ns</subfield>
  </datafield>
  <datafield tag="936" ind1="r" ind2="v">
   <subfield code="a">NH 7760</subfield>
   <subfield code="b">Allgemeines</subfield>
   <subfield code="k">Geschichte</subfield>
   <subfield code="k">Griechisch-römische Geschichte</subfield>
   <subfield code="k">Römische Geschichte</subfield>
   <subfield code="k">Regionalgeschichte des Römischen Reiches</subfield>
   <subfield code="k">Westeuropa</subfield>
   <subfield code="k">Römische Provinzen an Rhein und oberer Donau (Germanische Provinzen allgemein)</subfield>
   <subfield code="k">Allgemeines</subfield>
   <subfield code="0">(DE-627)1270899007</subfield>
   <subfield code="0">(DE-625)rvk/125789:12245</subfield>
   <subfield code="0">(DE-576)200899007</subfield>
  </datafield>
  <datafield tag="936" ind1="b" ind2="k">
   <subfield code="a">15.28</subfield>
   <subfield code="j">Römisches Reich</subfield>
   <subfield code="q">coli-conc RVK-&gt;BK</subfield>
   <subfield code="q">https://coli-conc.gbv.de/api/mappings/77b3c911-9246-4695-977a-b939ee41f58d</subfield>
   <subfield code="0">(DE-627)106405128</subfield>
  </datafield>
  <datafield tag="951" ind1=" " ind2=" ">
   <subfield code="a">MV</subfield>
  </datafield>
  <datafield tag="991" ind1=" " ind2=" ">
   <subfield code="a">Rezensiertes Werk</subfield>
  </datafield>
  <datafield tag="999" ind1=" " ind2=" ">
   <subfield code="a">KXP-PPN1077207158</subfield>
   <subfield code="e">457004350X</subfield>
  </datafield>
 </record>
</collection>
